000 00437nam a2200181Ia 4500
003 GCL
008 140319s9999 xx 000 0 eng d
040 _aGCL /
_cGCL
082 0 4 _a954
_bT H
100 1 _aTHOMPSON, EDWARD
245 1 0 _aA HISTORY OF INDIA /
_cTHOMPSON, EDWARD
260 _a[S.N] :
_bERNEST BENN ،
_c1928
300 _a80 P
650 0 4 _aHISTORY
650 0 4 _aINDIA - HISTORY
650 0 4 _aINDIA
942 _2ddc
_cBK
999 _c11186
_d11186